Paroles - Mirador - Statistiques

Statistiques générales
  • Ce quiz a été pris 200 fois
  • Le résultat moyen est 226 sur 278
Statistiques - réponses
Paroles % Correct
à
99%
l'
97%
de
96%
J'
96%
t'
96%
le
94%
Mi
94%
mi
94%
amor
93%
Je
93%
je
93%
mirador
93%
ai
92%
en
92%
la
92%
me
92%
pour
92%
Cuba
91%
S'
91%
classe
90%
Puerto
90%
Rico
90%
Escale
89%
ma
89%
mon
89%
première
89%
roule
88%
depuis
87%
Elle
87%
elle
87%
numéro
87%
Vol
87%
changement
85%
décor
85%
demande
85%
vue
82%
veut
79%
Veut
79%
famille
77%
Que
76%
que
76%
abri
75%
biff
75%
daronne
75%
des
75%
du
75%
Mettre
75%
tout
75%
dans
74%
mif
74%
papi
74%
cuenta
73%
Faire
73%
se
72%
plaisir
71%
Testarossa
71%
ennemis
70%
veux
70%
Oh
69%
éloigner
68%
sa
67%
déjà
65%
donnerai
64%
marier
64%
bella
63%
dîner
63%
invitée
63%
Marbella
63%
tête
63%
Billet
61%
juste
58%
Rio
58%
soleil
58%
Toi
58%
Cancún
57%
violet
56%
moi
55%
comme
54%
dinero
54%
Parfum
54%
Caramello
53%
yeah
52%
mucho
51%
vanilla
50%
bendo
49%
toujours
46%
Gucci
44%
Traficante
41%
Versace
41%
Cigarillo
36%
barrio
35%
vient
29%
Margiela
25%
Ribera
25%
Manny
21%
Aucun quiz correspondant
Distribution des résultats
% des personnes avec chaque résultat
Percentile par nombre de réponses
Votre historique - résultats
Vous n’avez pas pris ce quiz